000
00312nam a22001217a 4500
008
180215b xxu||||| |||| 00| 0 eng d
041
_a
eng
080
_a
33
100
_a
52
101
_a
EKO
245
_a
Minimum risk strategy for acquiring communications equipment and services
_c
Muller,N.J
942
_2
udc
_c
BK
999
_c
42658
_d
42658